000 00428nam a2200169Ia 4500
008 170705s9999 xx 000 0 und d
020 _a9780439411837
245 _aMoose's loose tooth /
245 _cJacqueline A. Clarke ; illustrated by Bruce McNally.
260 _aNew York :
260 _bScholastic,
260 _c2003
300 _aunpaged :
300 _bcolor illustration ;
300 _c26cm.
500 _a220
999 _c335403
_d335403